banner-ar

CUMLATIVE DIGEST OF UNITED STATES PRACTICE IN INTERNATIONAL LAW 1981 - 1988 / (Record no. 4727)

MARC details
000 -الفاتح
حقل البيانات ثابتة الطول 00636nam a2200217Ia 4500
008 - عناصر البيانات ثابتة الطول - معلومات عامة
حقل البيانات ثابتة الطول 140319s9999 xx 000 0 eng d
020 ## - الرقم الدولى المعيارى للكتب
الرقم الدولى المعيارى للكتاب 0160430054
040 ## - مصدر الفهرسة
وكالة الفهرسة الأصلية GCL /
وكالة النسخ GCL
082 04 - رقم تصنيف ديوى العشرى
رقم التصنيف 341.0973
رقم المادة N C
100 1# - المدخل الرئيسى - إسم شخصى
الإسم الشخصى NASH, MARIAN
245 10 - بيان العنوان
العنوان CUMLATIVE DIGEST OF UNITED STATES PRACTICE IN INTERNATIONAL LAW 1981 - 1988 /
بيان المسئوليه,etc NASH, MARIAN
260 ## - PUBLICATION, DISTRIBUTION, ETC. (IMPRINT)
تاريخ النشر أو التوزيع 1993
300 ## - الوصف المادى
التعداد 24 CM ؛
أبعاد الوعاء 4 VOL.
650 04 - المدخل الاضافى بالموضوع-مصطلح موضوعى
مصطلح موضوعي LAW
650 04 - المدخل الاضافى بالموضوع-مصطلح موضوعى
مصطلح موضوعي INTERNATIONAL LAW
650 04 - المدخل الاضافى بالموضوع-مصطلح موضوعى
مصطلح موضوعي TAIWAN - LAW
650 04 - المدخل الاضافى بالموضوع-مصطلح موضوعى
مصطلح موضوعي UNITED STATES - LAW
650 04 - المدخل الاضافى بالموضوع-مصطلح موضوعى
مصطلح موضوعي INTERNATIONAL UNIFICATION
942 ## - عناصر المدخل الإضافي( كوها)
مصدر التصنيف او مخطط الترفيف Dewey Decimal Classification
Koha [default] item type كتاب
260 ## - PUBLICATION, DISTRIBUTION, ETC. (IMPRINT)
-- [S.N] :
-- DEPARTMENT OF CULTURE & INFORMATION ،
Holdings
حالة التراجع حالة الفقد حالة تلف ليس للاعارة المكان المؤقت الموقع الحالى تاريخ الاكتساب اجمالي اﻻعارات رقم الطلب الباركود تاريخ اخر مشاهدة تاريخ تفعيل السعر نوع وعاء كوها
        مكتبة القاهرة الكبرى مكتبة القاهرة الكبرى 03/26/2014   341.0973\N C 10646 03/26/2014 03/26/2014 كتاب
        مكتبة القاهرة الكبرى مكتبة القاهرة الكبرى 03/26/2014   341.0973\N C 10647 03/26/2014 03/26/2014 كتاب
        مكتبة القاهرة الكبرى مكتبة القاهرة الكبرى 03/26/2014   341.0973\N C 10648 03/26/2014 03/26/2014 كتاب
        مكتبة القاهرة الكبرى مكتبة القاهرة الكبرى 03/26/2014   341.0973\N C 10649 03/26/2014 03/26/2014 كتاب
        مكتبة القاهرة الكبرى مكتبة القاهرة الكبرى 03/26/2014   341.0973\N C 10650 03/26/2014 03/26/2014 كتاب

Powered By

EGPV